Actas del I Congreso Internacional sobre la Enseñanza del Español (Record no. 16839)

MARC details
000 -LEADER
campo de control de longitud fija 00960nam a22002415i 4500
001 - NÚMERO DE CONTROL
campo de control 16839
003 - IDENTIFICADOR DE NÚMERO DE CONTROL
campo de control ES-MaACL
007 - CAMPO FIJO DE DESCRIPCIÓN FÍSICA--INFORMACIÓN GENERAL
campo de control de longitud fija t|
008 - DATOS DE LONGITUD FIJA--INFORMACIÓN GENERAL
campo de control de longitud fija 001113s1993 sp ||||0| spa j
020 ## - NÚMERO INTERNACIONAL ESTÁNDAR DEL LIBRO
Número Internacional Estándar del Libro 84-87246-09-5
040 ## - FUENTE DE CATALOGACIÓN
Centro catalogador/agencia de origen M-BN
Lengua de catalogación spa
Centro/agencia transcriptor M-BN
080 ## - NÚMERO DE LA CLASIFICACIÓN DECIMAL UNIVERSAL
Número de la Clasificación Decimal Universal 806.0:37.02(063)
111 2# - ENTRADA PRINCIPAL--NOMBRE DE CONGRESO/REUNIÓN
Nombre de congreso/reunión o jurisdicción como elemento de entrada Congreso Internacional sobre la Enseñanza del Español (
Número del congreso/reunión o número de parte o sección 1º.
Fecha del congreso o de la firma del tratado 1992.
Sede del congreso/Lugar de la reunión Madrid)
9 (RLIN) 480
245 10 - MENCIÓN DEL TÍTULO
Título Actas del I Congreso Internacional sobre la Enseñanza del Español
Resto del título : (Madrid, del 27 al 31 de enero de 1992).
260 ## - PUBLICACIÓN, DISTRIBUCIÓN, ETC.
Lugar de publicación, distribución, etc. [Madrid :
Nombre del editor, distribuidor, etc. Centro Madrileño de Investigaciones Pedagógicas],
Fecha de publicación, distribución, etc. 1993.
300 ## - DESCRIPCIÓN FÍSICA
Extensión 321 p ;
Dimensiones 21 cm.
490 1# - MENCIÓN DE SERIE
Mención de serie Colección "Biblioteca pedagógica" ;
Designación de volumen o secuencia 9
650 14 - PUNTO DE ACCESO ADICIONAL DE MATERIA--TÉRMINO DE MATERIA
Término de materia o nombre geográfico como elemento de entrada Lengua española-
Subdivisión general Didáctica-
Subdivisión de forma Congresos y asambleas.
9 (RLIN) 14148
710 2# - ENTRADA AGREGADA--NOMBRE DE ENTIDAD CORPORATIVA
Nombre de entidad corporativa o nombre de jurisdicción como elemento de entrada Centro Madrileño de Investigaciones Pedagógicas.
9 (RLIN) 2756
830 0# - PUNTO DE ACCESO ADICIONAL DE SERIE-TÍTULO UNIFORME
Título uniforme Colección "Biblioteca pedagógica" ;
Designación de volumen o secuencia 9
9 (RLIN) 228679
852 ## - LOCALIZACIÓN
Ubicación ES-MaACL
Número de control de estantería G-3900
Sublocalización o colección R.121400
Holdings
Estatus retirado Estado de pérdida Estado de daño No para préstamo Biblioteca de origen Biblioteca actual Ubicación en estantería Fecha de adquisición Fuente de adquisición Total de préstamos Signatura topográfica completa Código de barras Visto por última vez Precio de reemplazo Tipo de ítem Koha
        Biblioteca del Ateneo de Madrid Biblioteca del Ateneo de Madrid Depósito 2 17/01/2008     G-3900 1017103 23/02/2023 23/02/2023 Libro impreso